00411nam a22000977a 4500008004100000245015100041260006200192300001700254800002600271800001600297160906b xxu||||| |||| 00| 0 eng d aThe role of managers in the implimentation of change: A case study of state insurance company limited. /cAkuamoah, Kwaku Ansong and Boakye, Fred. aAcca:bWisconsin International University College,c2009. avarious pgs: aAkuamoah Kwaku Ansong aBoakye Fred